Higher engineering mathematics (Record no. 554179)
[ view plain ]
| 000 -LEADER | |
|---|---|
| fixed length control field | 00529cam a2200181 a 4500 |
| 020 ## - INTERNATIONAL STANDARD BOOK NUMBER | |
| International Standard Book Number | 0750681527 (pbk.) |
| 020 ## - INTERNATIONAL STANDARD BOOK NUMBER | |
| International Standard Book Number | 9780750681520 (pbk.) |
| 082 00 - DEWEY DECIMAL CLASSIFICATION NUMBER | |
| Classification number | 510.2462 |
| Author Mark | DAS |
| -- | N-02,P-99 |
| 100 1# - MAIN ENTRY--PERSONAL NAME | |
| Personal name | Dass, H.K |
| 9 (RLIN) | 51497 |
| 245 10 - TITLE STATEMENT | |
| Title | Higher engineering mathematics |
| Statement of responsibility, etc. | Dass, H.K |
| 250 ## - EDITION STATEMENT | |
| Edition statement | 5th ed. |
| 260 ## - PUBLICATION, DISTRIBUTION, ETC. | |
| Place of publication, distribution, etc. | New Delhi : |
| Name of publisher, distributor, etc. | S Chand ; |
| Date of publication, distribution, etc. | 2011.. |
| 300 ## - PHYSICAL DESCRIPTION | |
| Extent | xx,1714 p. : |
| Other physical details | ill. ; |
| Dimensions | 25 cm. |
| 500 ## - GENERAL NOTE | |
| General note | Includes index. |
| 526 ## - STUDY PROGRAM INFORMATION NOTE | |
| Program name | 0 |
| Interest level | 0 |
| Reading level | 0 |
| Title point value | 510_246200000000000_DAS |
| 650 #0 - SUBJECT ADDED ENTRY--TOPICAL TERM | |
| Topical term or geographic name entry element | Engineering mathematics. |
| 9 (RLIN) | 2310 |
| 942 ## - ADDED ENTRY ELEMENTS (KOHA) | |
| Source of classification or shelving scheme | |
| Koha item type | Book |
| Withdrawn status | Lost status | Source of classification or shelving scheme | Damaged status | Not for loan | Permanent Location | Current Location | Date acquired | Total Checkouts | Full call number | Barcode | Date last seen | Date last checked out | Price effective from | Koha item type |
|---|---|---|---|---|---|---|---|---|---|---|---|---|---|---|
| Military College of Engineering (MCE) | Military College of Engineering (MCE) | 12/20/2018 | 1 | 510.2462 DAS | MCE-50737 | 12/20/2018 | 12/20/2018 | 12/20/2018 | Book |
